| 000 | 00399cam a2200169ua 4500 | ||
|---|---|---|---|
| 020 | _c508 | ||
| 041 |
_aeng _h |
||
| 082 |
_a828.09 _bBER/TR |
||
| 100 | _aBertram, Joseph . | ||
| 245 |
_aTragic Actor / _cJoesph Bertram. _hTextual Documents |
||
| 260 |
_a : _bRoutledge & Kegan Paul Ltd , _c1959. |
||
| 300 | _a414 ; . | ||
| 365 | _a508 | ||
| 504 | _a | ||
| 942 | _cBK | ||
| 999 |
_c3078 _d3078 |
||